مكتبة جامعة عجلون الوطنية

فهرس بحث المكتبة

العراق من الإحتلال إلى التحرير  (Record no. 6715)

MARC details
000 -LEADER
fixed length control field 00823nam a2200217Ii 4500
003 - CONTROL NUMBER IDENTIFIER
control field JO-AjNU
008 - FIXED-LENGTH DATA ELEMENTS--GENERAL INFORMATION
fixed length control field 230605s9999||||xx |||||||||||||| ||und||
040 ## - CATALOGING SOURCE
Original cataloging agency JO-AjNU
Language of cataloging ara
Description conventions rda
Transcribing agency JO-AjNU
041 ## - LANGUAGE CODE
Language code of text/sound track or separate title ara
050 14 - LIBRARY OF CONGRESS CALL NUMBER
Classification number DS79.76 .H37 2006
100 3# - MAIN ENTRY--PERSONAL NAME
Personal name تاليف حسيب، خير الدين,
Relator term author
9 (RLIN) 13050
245 00 - TITLE STATEMENT
Title العراق من الإحتلال إلى التحرير 
250 ## - EDITION STATEMENT
Edition statement ط1
264 31 - PRODUCTION, PUBLICATION, DISTRIBUTION, MANUFACTURE, AND COPYRIGHT NOTICE
Place of production, publication, distribution, manufacture بيروت: مركز دراسات الوحدة العربية، 2006
300 ## - PHYSICAL DESCRIPTION
Extent 487ص
Other physical details فهارس :ص (469-487)
336 ## - CONTENT TYPE
Content type term text
Content type code txt
Source rdacontent
337 ## - MEDIA TYPE
Media type term unmediated
Media type code n
Source rdamedia
338 ## - CARRIER TYPE
Carrier type term volume
Carrier type code nc
Source rdacarrier
490 0# - SERIES STATEMENT
Series statement سلسلة كتب المستقبل؛ 51
650 #4 - SUBJECT ADDED ENTRY--TOPICAL TERM
Topical term or geographic name entry element قومية عربية. العراق--الاحوال السياسية،العراق--تاريخ
9 (RLIN) 13051
Holdings
Withdrawn status Lost status Source of classification or shelving scheme Damaged status Not for loan Home library Current library Shelving location Date acquired Total Checkouts Full call number Barcode Date last seen Price effective from Koha item type
    Library of Congress Classification     مكتبة جامعة عجلون الوطنية مكتبة جامعة عجلون الوطنية المجموعات العامة 06/06/2023   DS79.76 .H37 2006 A3147 06/06/2023 06/06/2023 Books